000
00327 a2200145 4500
001
150780
040
_c
Escola São Tomás de Aquino
100
_a
DONEY, Meryl
240
1
0
_a
Naamã e a pequena serva
_l
por
245
1
0
_a
Naamã e a pequena serva
362
0
_a
1993
440
1
_a
Ediouro
697
_a
RELIGIÃO
942
_c
BK
999
_c
150780
_d
150780